书目信息 |
| 题名: |
影视光线艺术
|
|
| 作者: | 刘永泗 著 | |
| 分册: | ||
| 出版信息: | 北京 北京广播学院出版社 2000 |
|
| 页数: | 343页 | |
| 开本: | 29cm | |
| 丛书名: | ||
| 单 册: | ||
| 中图分类: | J914 | |
| 科图分类: | ||
| 主题词: | 电影--技术 , 电视--艺术--技术 | |
| 电子资源: | ||
| ISBN: | 7-81004-764-7 | |
| 000 | 00545nam0 2200193 450 | |
| 001 | 0735592734 | |
| 005 | 20070906095312.73 | |
| 010 | @a7-81004-764-7@d¥58.00 | |
| 100 | @a20070906d km y0chiy0120 ea | |
| 101 | 0 | @achi |
| 200 | 1 | @a影视光线艺术@Aying shi guang xian yi shu@f刘永泗著@Fliu yong si zhu |
| 210 | @a北京@c北京广播学院出版社@d2000 | |
| 215 | @a343页@d29cm | |
| 606 | 0 | @a电影@x技术 |
| 606 | 0 | @a电视@x艺术@x技术 |
| 690 | @aJ914@v3 | |
| 701 | 0 | @a刘永泗@Aliu yong si@4著 |
| 801 | 0 | @aCN@bPFT@c20070906 |
| 905 | @a213230@dJ914@eP29@f1 | |
| 影视光线艺术/刘永泗著.-北京:北京广播学院出版社,2000 |
| 343页;29cm |
| ISBN 7-81004-764-7:¥58.00 |
| ● |
| 相关链接 |
|
|
|
|
正题名:影视光线艺术
索取号:J914/P29
 
预约/预借
| 序号 | 登录号 | 条形码 | 馆藏地/架位号 | 状态 | 备注 |
| 1 | 7201125 | 272011253 | 物理系资料室/ [索取号:J914/P29] | 在馆 |